Medzinárodné obchodné operácie

Saved in:
Bibliographic Details
Main Author: Kašťáková, Elena, 1974-
Corporate Author: Ekonomická univerzita v Bratislave. Obchodná fakulta
Other Authors: Ružeková, Viera, 1957-, Khúlová, Lucia, 1984-, Líner, Martin
Format: Book
Language:Slovak
Published: Bratislava Vydavateľstvo EKONÓM 2016
Edition:1. vyd.
Subjects:
Tags: Add Tag
No Tags, Be the first to tag this record!

MARC

LEADER 00000nam a2200000 4500
001 0225122
005 20240531125431.8
020 |a 978-80-225-4303-3 
041 0 |a slo 
044 |a SK 
245 1 0 |a Medzinárodné obchodné operácie  |c Elena Kašťáková, Viera Ružeková ; recenzenti: Lucia Khúlová, Martin Líner 
250 |a 1. vyd. 
264 1 |a Bratislava  |b Vydavateľstvo EKONÓM  |c 2016 
300 |a 124 s. [6,82 AH] 
610 2 0 |a operácie obchodné 
610 2 0 |a obchod medzinárodný 
610 2 0 |a obchod zahraničný 
610 2 0 |a vývoz 
610 2 0 |a clá 
610 2 0 |a politika obchodná 
610 2 0 |a politika colná 
610 2 0 |a zákony 
610 2 0 |a dovoz 
610 2 0 |a reexport 
610 2 0 |a obchod kompenzačný 
610 2 0 |a kúpa 
610 2 0 |a burzy komoditné 
610 2 0 |a aukcie 
610 2 0 |a súťaž verejná 
610 2 0 |a obchod elektronický 
610 2 0 |a vzťahy obchodné 
610 2 0 |a zmluvy obchodné 
610 2 0 |a podmienky obchodné 
610 2 0 |a podmienky platobné 
610 2 0 |a platby šekom 
610 2 0 |a platby hladké 
610 2 0 |a zmenky 
610 2 0 |a platby dokumentárne 
610 2 0 |a záruka 
610 2 0 |a podmienky dodacie 
610 2 0 |a dokumenty 
100 1 |a Kašťáková, Elena, 1974- 
700 1 |a Ružeková, Viera, 1957- 
700 1 |a Khúlová, Lucia, 1984- 
700 1 |a Líner, Martin 
710 2 |a Ekonomická univerzita v Bratislave. Obchodná fakulta